Statistics for Country Word Search #4

Click here to take the quiz!

General Stats

  • This quiz has been taken 3,690 times
  • The average score is 8 of 9

Answers on the Map

Answers color-coded by a green-red scale on the quiz's map according to % correct below.
Loading ...
 

Answer Stats

Answer% Correct
Uganda
94%
Turkey
94%
Serbia
92%
France
90%
Vanuatu
90%
Uruguay
87%
Bhutan
87%
Niger
83%
Egypt
71%

Score Distribution

Percentile by Number Answered

Percent of People with Each Score

Your Score History

You have not taken this quiz